Movies Quiz

Random Movies or Quote Quiz
Score 0/20 Timer 05:00
48 Plays Today
% Correct
My mama always said
life was like a box of
CHOCOLATES. You never
know what you're
gonna get.
96.1%
Show me the MONEY!
95.8%
Keep your FRIENDS close,
but your enemies closer.
95.6%
Hasta la vista, BABY.
95.4%
I'm the KING
of the world!
94.6%
You're gonna need
a bigger BOAT.
92.5%
You've got to ask
yourself one question:
'Do I feel lucky?'
Well, do ya PUNK?
86.8%
Gentlemen, you can't
fight in here!
This is the War ROOM!
84.3%
HOUSTON, we
have a problem.
83.3%
A boy's best friend
is his MOTHER.
82%
% Correct
TOTO, I've a feeling we're
not in Kansas anymore.
81.2%
There's no crying
in BASEBALL!
79.3%
Nobody puts Baby
in a CORNER.
75.2%
A census taker once tried
to test me. I ate his
liver with some fava
beans and a nice CHIANTI.
70.8%
Have you ever danced
with the devil in the pale
MOONLIGHT?
70.6%
We'll always have PARIS.
69.9%
I don't have to show
you any stinking BADGES!
69.8%
Where we're going
we don't need ROADS.
68.2%
Forget it, Jake,
it's CHINATOWN.
61.3%
Oh, no, it wasn't the
AIRPLANES. It was
Beauty killed the Beast.
60.4%
Remove Ads.
Support Sporcle.
Get the best of Sporcle when you Go Orange. This ad-free experience offers more features, more stats, and more fun while also helping to support Sporcle. Thank you for becoming a member.

You're not logged in!

Compare scores with friends on all Sporcle quizzes.
OR
Log In

Show Comments

Extras

Top Quizzes Today


Score Distribution

Your Account Isn't Verified!

In order to create a playlist on Sporcle, you need to verify the email address you used during registration. Go to your Sporcle Settings to finish the process.

Report this User

Report this user for behavior that violates our Community Guidelines.

Details: